| 000 | 00822nam a2200265Ia 4500 | ||
|---|---|---|---|
| 003 | OSt | ||
| 005 | 20220928102059.0 | ||
| 006 | a|||||r|||| 00| 0 | ||
| 007 | ta | ||
| 008 | 220927b |||||||| |||| 00| 0 eng d | ||
| 020 | _c225 | ||
| 024 | _a100026 | ||
| 037 |
_b94, 28/09/2009, Swaraj Prakashan _cTextual |
||
| 040 |
_aSDCL _cSDCL _beng |
||
| 041 |
_2eng _aeng |
||
| 082 | _aO152,1M96x, P7 | ||
| 100 |
_aNirala Surya Kant Trapathi _9396460 |
||
| 245 | 0 | _aRaag-viraag. | |
| 260 |
_aAllahabad _bLok Bharti Prakashan _c2007 |
||
| 300 |
_a141+Various pagination. _ccm. |
||
| 650 |
_aHindi _9391598 |
||
| 700 |
_a Sharma Ramvilas Ed. _9396461 |
||
| 942 |
_hO152,1M96x, P7 _cTEXL _2CC |
||
| 999 |
_c712195 _d712195 |
||